Aprenent més [Recurs electrònic] : càpsules per orientar en la transició escola-treball càpsules per orientar en la transició escola-treball
Publicado:
Barcelona :
Diputació de Barcelona. Àrea de Coneixement i Noves Tecnologies. Gerència de Serveis d'Educació ,
2011
Descripción Física:
1 disc òptic (CD-ROM) ; 12 cm
MARC
| LEADER | 00000nam a2200000Ia 4500 | ||
|---|---|---|---|
| 001 | 23396 | ||
| 008 | 160829s2011 xx 000 0 cat d | ||
| 080 | |a CD-1-215 | ||
| 245 | |a Aprenent més [Recurs electrònic] : |b càpsules per orientar en la transició escola-treball | ||
| 260 | |a Barcelona : |b Diputació de Barcelona. Àrea de Coneixement i Noves Tecnologies. Gerència de Serveis d'Educació, |c 2011 | ||
| 300 | |a 1 disc òptic (CD-ROM) ; |c 12 cm | ||
| 590 | |a Amb la col·laboració del Consell Comarcal del Maresme | ||
| 650 | |a Orientació escolar |9 45806 | ||
| 650 | |a Orientació professional |9 27407 | ||
| 710 | |a Barcelona (Catalunya : Província). |b Gerència de Serveis d'Educació |9 52167 | ||
| 710 | 2 | |a Maresme (Catalunya). |b Consell Comarcal |9 51582 | |
| 901 | |a Arxiu | ||
| 942 | |n 1 | ||
| 952 | |0 0 |1 0 |4 0 |6 CD1215 |7 1 |9 54840 |a Arxiu |b Arxiu |d 2012-02-14 |l 0 |o CD-1-215 |p 23396 |r 2016-12-01 00:00:00 |w 2016-12-01 |y ARXIU | ||
| 999 | |c 58710 |d 58710 | ||